<?xml version="1.0" encoding="UTF-8"?>
<record
    xmlns:xsi="http://www.w3.org/2001/XMLSchema-instance"
    xsi:schemaLocation="http://www.loc.gov/MARC21/slim http://www.loc.gov/standards/marcxml/schema/MARC21slim.xsd"
    xmlns="http://www.loc.gov/MARC21/slim">

  <leader>01544nam a22002537a 4500</leader>
  <controlfield tag="008">251024b        |||||||| |||| 00| 0 eng d</controlfield>
  <datafield tag="020" ind1=" " ind2=" ">
    <subfield code="a">9781035420612</subfield>
  </datafield>
  <datafield tag="040" ind1=" " ind2=" ">
    <subfield code="c">tbs</subfield>
  </datafield>
  <datafield tag="041" ind1=" " ind2=" ">
    <subfield code="a">eng</subfield>
  </datafield>
  <datafield tag="050" ind1=" " ind2=" ">
    <subfield code="a">TT505.M58</subfield>
    <subfield code="b">B38 2025</subfield>
  </datafield>
  <datafield tag="100" ind1=" " ind2=" ">
    <subfield code="a">Bateman, Kristen</subfield>
    <subfield code="9">24115</subfield>
    <subfield code="e">author</subfield>
  </datafield>
  <datafield tag="245" ind1=" " ind2=" ">
    <subfield code="a">Little book of Miu Miu</subfield>
    <subfield code="b">: the story of the iconic fashion house</subfield>
    <subfield code="c">/ Kristen Bateman.</subfield>
  </datafield>
  <datafield tag="246" ind1=" " ind2=" ">
    <subfield code="a">Miu Miu</subfield>
  </datafield>
  <datafield tag="260" ind1=" " ind2=" ">
    <subfield code="a">London : </subfield>
    <subfield code="b">Welbeck, </subfield>
    <subfield code="c">2025.</subfield>
  </datafield>
  <datafield tag="300" ind1=" " ind2=" ">
    <subfield code="a">160 pages : </subfield>
    <subfield code="b">illustrations, portraits (color) ;</subfield>
    <subfield code="c">19 cm.</subfield>
  </datafield>
  <datafield tag="490" ind1=" " ind2=" ">
    <subfield code="a">Little books of fashion</subfield>
  </datafield>
  <datafield tag="520" ind1=" " ind2=" ">
    <subfield code="a">

Quirky, daring and unconventionally chic, Miu Miu is the fashion house for those that dare to be different.

The cult little sister brand of Prada, the maison was launched as an 'anti-fashion' brand in 1993 and its pieces have been worn by celebrities including Sydney Sweeney and Chlo&#xEB; Sevigny. From recent viral micro-miniskirts and covetable ballet flats to archive whimsical prints, artist collaborations and off-kilter colors, Miu Miu is the brand designed with a rare female point of view for daring women.

With over 100 images of their most iconic pieces, accompanied by expert text, Little Book of Miu Miu explores the history of the iconic fashion house whose current and archival designs are coveted by the It girls of today.</subfield>
  </datafield>
  <datafield tag="610" ind1=" " ind2="0">
    <subfield code="a">Miu Miu (Brand)</subfield>
    <subfield code="x">History</subfield>
    <subfield code="9">26314</subfield>
  </datafield>
  <datafield tag="610" ind1=" " ind2="0">
    <subfield code="a">Prada (Firm)</subfield>
    <subfield code="9">26315</subfield>
  </datafield>
  <datafield tag="650" ind1=" " ind2="0">
    <subfield code="a">Prada, Miuccia</subfield>
    <subfield code="x">History</subfield>
    <subfield code="9">26312</subfield>
  </datafield>
  <datafield tag="650" ind1=" " ind2="0">
    <subfield code="a">Prada, Miuccia</subfield>
    <subfield code="x">Themes, motives</subfield>
    <subfield code="9">26313</subfield>
  </datafield>
  <datafield tag="655" ind1=" " ind2="0">
    <subfield code="a">Biographies</subfield>
    <subfield code="9">22503</subfield>
  </datafield>
  <datafield tag="942" ind1=" " ind2=" ">
    <subfield code="2">lcc</subfield>
  </datafield>
  <datafield tag="952" ind1=" " ind2=" ">
    <subfield code="0">0</subfield>
    <subfield code="1">0</subfield>
    <subfield code="2">lcc</subfield>
    <subfield code="4">0</subfield>
    <subfield code="7">0</subfield>
    <subfield code="a">TBS</subfield>
    <subfield code="b">TBS</subfield>
    <subfield code="d">2025-10-24</subfield>
    <subfield code="l">0</subfield>
    <subfield code="o">TT505 BAT</subfield>
    <subfield code="p">B05695</subfield>
    <subfield code="r">2025-10-24</subfield>
    <subfield code="w">2025-10-24</subfield>
    <subfield code="y">1</subfield>
  </datafield>
  <datafield tag="999" ind1=" " ind2=" ">
    <subfield code="c">5101</subfield>
    <subfield code="d">5101</subfield>
  </datafield>
</record>
